| 000 | 00000nam##2200000za#4500 |
| 001 | 9.645462 |
| 003 | CaOODSP |
| 005 | 20230202144024 |
| 007 | ta |
| 008 | 150407|1994||||xxc||||| f|0| 0 eng|d |
| 020 | |a0-662-21410-2 |
| 040 | |aCaOODSP|beng |
| 043 | |an-cn--- |
| 086 | 1 |aH72-21/97-1994E |
| 110 | 2 |aNational Clearinghouse on Family Violence (Canada). |
| 245 | 12|aA resource guide on family issues for aboriginal communities / |cby David McTimoney. |
| 260 | |aOttawa - Ontario : |bHealth Canada. |c1994. |
| 300 | |av, 46p. : |bfigs., references ; |c28 cm. |
| 563 | |aSoftcover |
| 590 | |a94-08|b1994-02-25 |
| 690 | 07|aFamily violence|2gcpds |
| 690 | 07|aIndigenous peoples|2gcpds |
| 720 | 1 |aMcTimoney, David |
| 775 | 08|tGuide de ressources en matière de violence familiale à l'intention des communautés autochtones / |w(CaOODSP)9.679132 |
| 776 | 0#|tA resource guide on family violence issues for aboriginal communities / |w(CaOODSP)9.695741 |